000 01422nam a2200361 a 4500
001 ebr10600601
003 CaPaEBR
006 m u
007 cr cn|||||||||
008 110606s2011 enka sb 001 0 eng d
010 _z 2011023640
020 _z9783034301787 (alk. paper)
020 _z3034301782 (alk. paper)
020 _z9783034301787
020 _z9783035301694 (e-book)
040 _aCaPaEBR
_cCaPaEBR
035 _a(OCoLC)813285553
050 1 4 _aP306.2
_b.T7356 2011eb
082 0 4 _a418/.02
_223
245 0 0 _aTranslating dialects and languages of minorities
_h[electronic resource] :
_bchallenges and solutions /
_cFederico M. Federici (ed).
260 _aOxford ;
_aNew York :
_bPeter Lang,
_cc2011.
300 _aviii, 233 p. :
_bill.
440 0 _aNew trends in translation studies ;
_vv. 6
504 _aIncludes bibliographical references and index.
533 _aElectronic reproduction.
_bPalo Alto, Calif. :
_cebrary,
_d2011.
_nAvailable via World Wide Web.
_nAccess may be limited to ebrary affiliated libraries.
650 0 _aTranslating and interpreting.
650 0 _aLanguage and languages
_xVariation.
650 0 _aDialectology.
655 7 _aElectronic books.
_2local
700 1 _aFederici, Federico M.
710 2 _aebrary, Inc.
856 4 0 _uhttp://site.ebrary.com/lib/rucke/Doc?id=10600601
_zAn electronic book accessible through the World Wide Web; click to view
999 _c99283
_d99283